000 00689nam a2200205 i 4500
001 88444
003 ES-MaACL
005 20251009200240.0
007 t|
008 050104s1971 sp ||||1| spa d
080 _a929 Mourelle de la Rúa, Francisco Antonio
100 1 _aLandín Carrasco, Amancio.
_969955
245 1 0 _aMourelle de la Rua, explorador del Pacífico /
_cAmancio Landín Carrasco.
260 _aMadrid :
_bCultura Hispánica,
_c1971.
300 _a368 p., 2 lám. :
_bmapas pleg. ;
_c24 cm.
504 _aBibliografía: p. 345-[351]
600 1 4 _aMourelle de la Rua, Francisco Antonio,
_d1755-1820
_9172668
852 4 _aES-MaACL
_jC-44154
999 _c88444
_d88444